| 000 | 00988 a2200181 4500 | ||
|---|---|---|---|
| 003 | Nust | ||
| 005 | 20230504102341.0 | ||
| 040 | _cNust | ||
| 082 | _a959.7043,MER | ||
| 100 |
_aMertel Colonel Kenneth D _9112085 |
||
| 245 |
_aYear of the hosrse Vietnam / _cColonel Kenneth D. Mertel |
||
| 260 |
_aNew York, _bExposition, _c1968. |
||
| 300 | _aviii, 380p. | ||
| 505 | _aThe New Ist air Cavalry Division (Page-3), Shipboard (Page-32), Arrival in Vietnam _ Green Trace (Page-49), First Air Assault (Page-72), Ben Khe Air Assault (Page-94), Plei Mei/Pleiku (Page-119), Highway 19 (Page-140), Back to Plei Mei (Page-152), The Battle of an Khe South (Page-176), First Blood (Page-195), Christmas , Vietnam -1965 (Page-230), On the Cambodian Border (Page-247), China Sea Coast – Bong Son (Page-275), Tarzan – Jim Bowie (Page-321), Drive on – All The Way (Page-345). | ||
| 600 |
_aColonel Kenneth D.Mertel _9112086 |
||
| 650 |
_aHorse Vietnam _9112087 |
||
| 942 |
_2ddc _cBK _k959.7043,MER |
||
| 999 |
_c187348 _d187348 |
||